| 000 | 01402nam a2200289 i 4500 | ||
|---|---|---|---|
| 003 | DO-SdBNP | ||
| 005 | 20240605092144.0 | ||
| 006 | a||||gr|||| 00| 0 | ||
| 007 | ta | ||
| 008 | 240605e2002 dr ac||| |||| 00| 0 spa d | ||
| 040 |
_aDO-SdBNP _bspa _cBNPHU _erda |
||
| 082 | 1 |
_222 _bU58u |
|
| 110 | 2 |
_aUniversidad Iberoamericana (Santo Domingo, República Dominicana) _984319 _eautor |
|
| 245 | 1 | 0 |
_a[catálogo] UNIBE República Dominicana / _cFotografías: Luis Nova, Raúl Cubillast, María de Lourdes Montes de Oca |
| 264 | 1 |
_aSanto Domingo : _bUNIBE, _c2002 |
|
| 300 |
_a42 páginas : _bilustraciones, retratos ; _c28 cm. |
||
| 336 |
_2rdacontent _atexto _btxt |
||
| 337 |
_2rdamedia _asin mediación _bn |
||
| 338 |
_2rdacarrier _avolumen _bnc |
||
| 500 | _a | ||
| 505 | 0 |
_aContenido.-- Bienvenida.-- Objetivos y Filosofía.-- Historia. _tCarreras: _tMedicina.-- Odontología.-- Arquitectura.-- Diseño y Decoración Arquitetónica.-- Educación Temprana.-- Psicología.-- Comunicación Publicitaria.-- Ciencias de la Religión.-- Derecho.--Ingeniería Civil.-- Administración de Empresas.-- Administración de Empresas Turísticas y Hoteleras.-- Mercadeo.-- _tFacilidades. |
|
| 590 | _aInventariado 2024 / MF | ||
| 700 | 1 |
_aNova, Luis, _936995 _efotografía |
|
| 700 | 1 |
_aCubillast, Raúl, _efotografía _985598 |
|
| 700 | 1 |
_aMontes de Oca, María de Lourdes, _efotografía _985599 |
|
| 942 |
_2ddc _cLF2 |
||
| 999 |
_c56781 _d56781 |
||